000 00893nam0a22002771 4500
001 RU\NLR\A1SV\133532
005 20251203171251.9
035 _a(NLR Aleph) 010674933
090 _a9622557
_c9622557
100 _a20141224d1926 u y0rusy50 ca
101 0 _arus
102 _aRU
200 1 _a1-е мая - праздник борьбы
210 _a[М.]
_cЦК Союза текстильщиков
_d[1926]
215 _a15 с.
_d16 см
225 _aБ-ка "Голоса текстилей"
_v22
311 _aБеспл. прил. к газ.: Голос текстилей
517 9 _aПервое мая - праздник борьбы
620 _dМосква
700 1 _aЩелканов
_bП.А.
_f1900-1929
_gПетр Александрович
801 0 _aRU
_bNLR
_c20141224
852 _aNLR
_j41/584-22
942 _cBOOK
980 _aNB
980 _aA1SV